[Event "Portugalete Bizkaia-ch U16"]
[Site "Portugalete"]
[Date "2017.12.27"]
[Round "1.11"]
[White "Campos Cejudo, Xabier"]
[Black "Jimenez Zubiaur, Aimar"]
[Result "1-0"]
[WhiteElo "1561"]
[BlackElo "1709"]
[PlyCount "70"]
[EventDate "2017.12.27"]
[EventType "swiss"]
[EventRounds "5"]
[EventCountry "ESP"]
[SourceTitle "EXT 2024"]
[Source "ChessBase"]
[SourceDate "2023.10.10"]
[SourceVersion "1"]
[SourceVersionDate "2023.10.10"]
[SourceQuality "1"]

1. e4 e5 2. d3 Nc6 3. Nf3 Nf6 4. Nbd2 Bc5 5. h3 0-0 6. g3 d6 7. Bg2 Be6 8. 0-0 d5 9. Qe2 d4 10. Kh2 Qd7 11. Nc4 b5 12. Ncxe5 Nxe5 13. Nxe5 Qd6 14. Nf3 Rfe8 15. e5 Qe7 16. exf6 Qxf6 17. Qe5 Be7 18. Qxb5 a6 19. Qe5 Rad8 20. Qxf6 Bxf6 21. Bf4 c6 22. Rfe1 h6 23. Be5 Bxe5 24. Nxe5 c5 25. c3 Re7 26. Nc6 Rdd7 27. Nxe7+ Rxe7 28. cxd4 cxd4 29. a3 g5 30. Re5 Rd7 31. h4 g4 32. f3 gxf3 33. Bxf3 Rd6 34. g4 f5 35. gxf5 Bxf5 1-0